| 000 | 00908nam0a2200301 4500 | ||
|---|---|---|---|
| 001 | RU\NLR\bibl\123198 | ||
| 005 | 20250617101744.0 | ||
| 010 |
_a5-05-005048-0 _965000 |
||
| 021 |
_aRU _b2000-18215п _9662п |
||
| 035 | _a(NLR Aleph) 000120665 | ||
| 090 |
_a687066 _c687066 |
||
| 100 | _a20001209d2000 |||y0rusy50 ca | ||
| 101 | 1 |
_arus _ceng |
|
| 102 | _aRU | ||
| 105 | _ay ||||||||| | ||
| 200 | 1 |
_aНадеюсь и жду _eРоман _fДиана Гамильтон _gПер. с англ. [И. Аношкиной] |
|
| 210 |
_aМ. _cРадуга _d2000 |
||
| 215 |
_a186, [1] с. _d17 |
||
| 225 | 1 |
_aЛюбовный роман _v397 |
|
| 686 | _aШ6(4Вл)67-440.4 | ||
| 700 | 1 |
_aГамильтон _bД. _gДиана _4070 |
|
| 801 | 0 |
_aRU _bNLR _c20001209 _gPSBO |
|
| 801 | 1 |
_aRU _bNLR _c20001209 |
|
| 852 |
_aNLR _j2000-2/2648 |
||
| 942 | _cBOOK | ||
| 980 | _aNB | ||